[Event "Budapest Art Pub Cup 4th"]
[Site "Budapest"]
[Date "2014.04.20"]
[Round "7"]
[White "Xiao Hu, Chen"]
[Black "Czimer, Jozsef"]
[Result "1-0"]
[WhiteElo "1546"]
[BlackElo "1729"]
[PlyCount "57"]
[EventDate "2014.04.16"]
[EventType "swiss"]
[EventRounds "7"]
[EventCountry "HUN"]
[SourceTitle "EXT 2015"]
[Source "ChessBase"]
[SourceDate "2014.11.20"]
[SourceVersion "1"]
[SourceVersionDate "2014.11.20"]
[SourceQuality "1"]

1. e4 e5 2. Nf3 Nc6 3. Bb5 a6 4. Ba4 Nf6 5. 0-0 Be7 6. c3 Nxe4 7. Re1 Nc5 8. Bxc6 dxc6 9. Rxe5 Ne6 10. d4 Bf6 11. Re1 0-0 12. Nbd2 b6 13. Ne4 Be7 14. Ne5 Bb7 15. f4 f5 16. Ng3 Qd5 17. Qf3 Rf6 18. Qxd5 cxd5 19. Nd7 Rg6 20. Nxf5 Bd6 21. Nxd6 cxd6 22. f5 Nxd4 23. cxd4 Rg4 24. f6 Rxd4 25. fxg7 Kf7 26. Bh6 Rg4 27. Rf1+ Ke7 28. Nf6 Rg6 29. Rae1+ 1-0

[Event "Budapest Art Pub Cup 4th"]
[Site "Budapest"]
[Date "2014.04.19"]
[Round "5"]
[White "Berta, Sandor Martin"]
[Black "Xiao Hu, Chen"]
[Result "1/2-1/2"]
[WhiteElo "1982"]
[BlackElo "1546"]
[PlyCount "87"]
[EventDate "2014.04.16"]
[EventType "swiss"]
[EventRounds "7"]
[EventCountry "HUN"]
[SourceTitle "EXT 2015"]
[Source "ChessBase"]
[SourceDate "2014.11.20"]
[SourceVersion "1"]
[SourceVersionDate "2014.11.20"]
[SourceQuality "1"]

1. Nf3 Nf6 2. g3 g6 3. b3 b6 4. Bg2 Bb7 5. 0-0 Bg7 6. Bb2 0-0 7. c4 c5 8. Nc3 Na6 9. Rc1 d5 10. cxd5 Nxd5 11. Qc2 Nab4 12. Qb1 Rc8 13. Qa1 Nxc3 14. dxc3 Nc6 15. Rfd1 Qc7 16. Nd2 Rfd8 17. Bh3 e6 18. Bg2 Rd7 19. b4 Rcd8 20. Nc4 Rxd1+ 21. Rxd1 Rxd1+ 22. Qxd1 cxb4 23. cxb4 Bxb2 24. Nxb2 Qd8 25. Qxd8+ Nxd8 26. Bxb7 Nxb7 27. Nc4 f6 28. Kg2 Kf7 29. Kf3 Ke7 30. e4 Nd6 31. Nd2 e5 32. Ke3 b5 33. Nb1 Ne8 34. Nc3 Nc7 35. f4 Ke6 36. h4 h5 37. Kf3 f5 38. Ke3 Kf6 39. Kf3 Ke6 40. Ke3 Kf6 41. Ne2 Ke6 42. Nc1 fxe4 43. Kxe4 exf4 44. gxf4 1/2-1/2

[Event "Budapest Spring op 30th"]
[Site "Budapest"]
[Date "2014.03.18"]
[Round "5"]
[White "Xiao Hu, Chen"]
[Black "Wiman, Kenneth"]
[Result "0-1"]
[WhiteElo "1546"]
[BlackElo "1891"]
[PlyCount "44"]
[EventDate "2014.03.14"]
[EventType "swiss"]
[EventRounds "9"]
[EventCountry "HUN"]
[SourceTitle "CBM 159 Extra"]
[Source "ChessBase"]
[SourceDate "2014.04.24"]
[SourceVersion "1"]
[SourceVersionDate "2014.04.24"]
[SourceQuality "1"]

1. e4 e6 2. d4 d5 3. Nc3 Nf6 4. Bg5 Be7 5. e5 Nfd7 6. Bxe7 Qxe7 7. f4 a6 8. Nf3 c5 9. Qd2 Nc6 10. 0-0-0 b5 11. dxc5 Qxc5 12. Nd4 Nb6 13. Nb3 Qe7 14. Qf2 Nc4 15. Bxc4 bxc4 16. Qb6 Bd7 17. Nd4 Nxd4 18. Rxd4 0-0 19. Rhd1 a5 20. R4d2 Rfb8 21. Qf2 Qb4 22. b3 Qxc3 0-1

[Event "Budapest Art Pub Cup 3rd"]
[Site "Budapest"]
[Date "2014.01.04"]
[Round "4"]
[White "Xiao Hu, Chen"]
[Black "Polyik, Peter"]
[Result "0-1"]
[WhiteElo "1456"]
[BlackElo "1937"]
[PlyCount "54"]
[EventDate "2014.01.02"]
[EventType "swiss"]
[EventRounds "7"]
[EventCountry "HUN"]
[SourceTitle "CBM 158 Extra"]
[Source "ChessBase"]
[SourceDate "2014.02.28"]
[SourceVersion "1"]
[SourceVersionDate "2014.02.28"]
[SourceQuality "1"]

1. e4 c5 2. Nf3 d6 3. d4 cxd4 4. Nxd4 Nf6 5. Nc3 g6 6. Be3 Bg7 7. f3 0-0 8. Qd2 Nc6 9. 0-0-0 d5 10. exd5 Nxd5 11. Nxc6 bxc6 12. Nxd5 cxd5 13. Qxd5 Qc7 14. Qc4 Qb7 15. Qb3 Qc7 16. Qc4 Qe5 17. Qd4 Qb8 18. Qc4 Qxb2+ 19. Kd2 Be6 20. Qa4 Qxa2 21. Qxa2 Bxa2 22. Ba6 Rab8 23. Ke2 Rb2 24. Bd3 a5 25. Bc1 Rbb8 26. Ba3 Rfc8 27. Bxe7 Re8 0-1

[Event "Budapest Karacsonyi op 5th"]
[Site "Budapest"]
[Date "2013.12.30"]
[Round "6"]
[White "Szoukup, Helga"]
[Black "Xiao Hu, Chen"]
[Result "1-0"]
[WhiteElo "1864"]
[BlackElo "1422"]
[PlyCount "75"]
[EventDate "2013.12.27"]
[EventType "swiss"]
[EventRounds "7"]
[EventCountry "HUN"]
[SourceTitle "CBM 158 Extra"]
[Source "ChessBase"]
[SourceDate "2014.02.28"]
[SourceVersion "1"]
[SourceVersionDate "2014.02.28"]
[SourceQuality "1"]

1. g3 g6 2. d4 d5 3. Bg2 Bg7 4. Nf3 Nf6 5. 0-0 0-0 6. c3 Re8 7. Ne5 c6 8. Nd2 Nbd7 9. Nxd7 Bxd7 10. e4 dxe4 11. Nxe4 Nxe4 12. Bxe4 e5 13. d5 cxd5 14. Bxd5 Qc7 15. Qb3 Be6 16. Qxb7 Qxb7 17. Bxb7 Rab8 18. Bc6 Red8 19. Be3 Rxb2 20. a4 a5 21. Bb5 Rc8 22. Rfd1 h5 23. Rdc1 Bc4 24. Rab1 Ra2 25. Bd7 Rd8 26. Rb7 Bd5 27. Ra7 Bb3 28. c4 Bxa4 29. Bxa4 Rxa4 30. c5 Rc8 31. c6 Rb4 32. Rxa5 e4 33. Bf4 Bb2 34. Rc2 Bd4 35. Rd5 Bb6 36. c7 Kg7 37. Rc6 Bxc7 38. Rxc7 1-0

[Event "Budapest Karacsonyi op 5th"]
[Site "Budapest"]
[Date "2013.12.28"]
[Round "3"]
[White "Xiao Hu, Chen"]
[Black "Wallis, Janos"]
[Result "1-0"]
[WhiteElo "1422"]
[BlackElo "1256"]
[PlyCount "47"]
[EventDate "2013.12.27"]
[EventType "swiss"]
[EventRounds "7"]
[EventCountry "HUN"]
[SourceTitle "CBM 158 Extra"]
[Source "ChessBase"]
[SourceDate "2014.02.28"]
[SourceVersion "1"]
[SourceVersionDate "2014.02.28"]
[SourceQuality "1"]

1. e4 e5 2. Nf3 Nc6 3. Bb5 a6 4. Ba4 b5 5. Bb3 Nf6 6. 0-0 Bc5 7. Re1 d6 8. h3 0-0 9. c3 Be6 10. Bc2 Re8 11. d4 exd4 12. cxd4 Bb4 13. Nc3 d5 14. e5 Ne4 15. Bxe4 dxe4 16. Rxe4 Bxc3 17. bxc3 Bd5 18. Rg4 h6 19. Bxh6 g6 20. Bg5 Qd7 21. Bf6 Kf8 22. Rh4 Ne7 23. Rh8+ Ng8 24. Ng5 1-0